<?xml version="1.0" encoding="UTF-8"?>
<record
    xmlns:xsi="http://www.w3.org/2001/XMLSchema-instance"
    xsi:schemaLocation="http://www.loc.gov/MARC21/slim http://www.loc.gov/standards/marcxml/schema/MARC21slim.xsd"
    xmlns="http://www.loc.gov/MARC21/slim">

  <leader>00932nam a22002055i 4500</leader>
  <controlfield tag="001">163548</controlfield>
  <controlfield tag="003">ES-MaACL</controlfield>
  <controlfield tag="005">20230906212748.0</controlfield>
  <controlfield tag="008">940615s1862    sp  a        |||| | spa d</controlfield>
  <datafield tag="040" ind1=" " ind2=" ">
    <subfield code="a">CAM </subfield>
    <subfield code="b">spa</subfield>
  </datafield>
  <datafield tag="100" ind1="1" ind2=" ">
    <subfield code="a">R&#xED;os, Demetrio de los.</subfield>
    <subfield code="9">97361</subfield>
  </datafield>
  <datafield tag="245" ind1="1" ind2="0">
    <subfield code="a">Memoria arqueol&#xF3;gico-descriptiva del anfiteatro de It&#xE1;lica </subfield>
    <subfield code="b">: acompa&#xF1;ada del plano y restauraci&#xF3;n del mismo edificio / </subfield>
    <subfield code="c">por Demetrio de los Rios ; publ&#xED;cala la Real Academia de la Historia.</subfield>
  </datafield>
  <datafield tag="260" ind1=" " ind2=" ">
    <subfield code="a">Madrid : </subfield>
    <subfield code="b">[s.n.], </subfield>
    <subfield code="c">1862 (</subfield>
    <subfield code="f">Imprenta de Jos&#xE9; Rodriguez)</subfield>
  </datafield>
  <datafield tag="300" ind1=" " ind2=" ">
    <subfield code="a">67 p., [1] h. de grab. pleg. ; </subfield>
    <subfield code="c">27 cm.</subfield>
  </datafield>
  <datafield tag="599" ind1=" " ind2="1">
    <subfield code="a">La h. de grab. pleg. lit. : "O de los Rios dib. A&lt;nio&gt; Olarte Gochea, grab&#xF3; ; Lit. de J. Dorion"</subfield>
  </datafield>
  <datafield tag="610" ind1="2" ind2="4">
    <subfield code="a">Anfiteatro de It&#xE1;lica.</subfield>
    <subfield code="9">146720</subfield>
  </datafield>
  <datafield tag="650" ind1=" " ind2="4">
    <subfield code="a">Arquitectura romana-</subfield>
    <subfield code="z">Sevilla.</subfield>
    <subfield code="9">135486</subfield>
  </datafield>
  <datafield tag="710" ind1="2" ind2=" ">
    <subfield code="a">Real Academia de la Historia (Espa&#xF1;a), </subfield>
    <subfield code="e">ed. lit.</subfield>
    <subfield code="9">6309</subfield>
  </datafield>
  <datafield tag="852" ind1=" " ind2=" ">
    <subfield code="a">ES-MaACL</subfield>
    <subfield code="j">1586-F-14 </subfield>
    <subfield code="z">-- Rust.</subfield>
  </datafield>
  <datafield tag="999" ind1=" " ind2=" ">
    <subfield code="c">163548</subfield>
    <subfield code="d">163548</subfield>
  </datafield>
  <datafield tag="952" ind1=" " ind2=" ">
    <subfield code="0">0</subfield>
    <subfield code="1">0</subfield>
    <subfield code="4">0</subfield>
    <subfield code="7">0</subfield>
    <subfield code="8">Colecci&#xF3;n_de_folletos</subfield>
    <subfield code="a">ATENEOM</subfield>
    <subfield code="b">ATENEOM</subfield>
    <subfield code="c">DEPOF</subfield>
    <subfield code="d">2008-01-17</subfield>
    <subfield code="e">SSC</subfield>
    <subfield code="l">0</subfield>
    <subfield code="o">1586-F-14</subfield>
    <subfield code="p">1171381</subfield>
    <subfield code="r">2023-02-23 00:00:00</subfield>
    <subfield code="w">2023-02-23</subfield>
    <subfield code="y">FOLLETOS</subfield>
  </datafield>
</record>
